| 000 | 00617nam a2200229Ia 4500 | ||
|---|---|---|---|
| 003 | OSt | ||
| 005 | 20221005123219.0 | ||
| 006 | a|||||r|||| 00| 0 | ||
| 007 | ta | ||
| 008 | 221004b |||||||| |||| 00| 0 mal d | ||
| 024 | _a57654 | ||
| 037 | _cTextual | ||
| 040 |
_aCRL _cCRL _bmal |
||
| 041 |
_2mal _amal |
||
| 082 | _aO32,6M7x, M1.1-.2 | ||
| 100 |
_aAsan N.Kumaran Au. _9633348 |
||
| 245 | 0 | _aKumaran asante gadyalekhanamgal | |
| 260 | _c1981 | ||
| 650 |
_aMALAYALAM LITERATURE _938866 |
||
| 942 |
_hO32,6M7x, M1.1-.2 _cTEXL _2cc |
||
| 999 |
_c1046731 _d1046731 |
||